Los exploradores españoles del siglo XVI: vindicación de la acción colonizadora española en América

Saved in:
Bibliografiske detaljer
Hovedforfatter: Lummis, Charles Fletcher (autor)
Format: Bog
Sprog:spansk
Udgivet: Buenos Aires, Argentina Espasa Calpe 1945
Serier:Colección Austral
Fag:
Tags: Tilføj Tag
Ingen Tags, Vær først til at tagge denne postø!

MARC

LEADER 00000nam a2200000 a 4500
001 UCI5347
003 CL-VaPUC
005 20220106074428.0
008 080320e19450000AG |||||||||||||||||spa|d
999 |c 329100  |d 329098 
040 |c Pontificia Universidad Católica de Valparaíso 
082 0 4 |a 980.013 LUM 1945  |2 21 
100 |a Lummis, Charles Fletcher  |e autor  |9 527664 
245 1 4 |a Los exploradores españoles del siglo XVI:  |b  vindicación de la acción colonizadora española en América 
260 |a Buenos Aires, Argentina  |b Espasa Calpe  |c 1945 
300 |a 239 páginas 
490 0 |a Colección Austral 
583 |a last modification  |c 20160817 05:19:38  |k Rodrigo Vera 
650 7 |a HISTORIA DE AMERICA  |2 CL-VaPUC  |9 317731  |y SIGLO 16 
650 7 |a EXPLORADORES  |2 CL-VaPUC  |9 314661  |z AMERICA  |z ESPAÑA 
650 7 |a CONQUISTADORES  |2 CL-VaPUC  |9 527665  |z AMERICA  |z ESPAÑA 
650 0 |a Misioneros  |z AMERICA  |z ESPAÑA  |9 324171 
852 |a BIBCUR 
942 |c BK  |2 ddc 
945 |d 20080320 00:00:00  |a jtorresc 
952 |0 0  |1 0  |2 ddc  |4 0  |6 980_013000000000000_LUM_1945  |7 0  |8 A  |9 413422  |a BIBHIS  |b BIBHIS  |d 2019-11-22  |i 4417070  |o 980.013 LUM 1945  |p 4417070  |r 2025-01-20  |t 1  |w 2019-11-22  |y BK  |k HIS